<?xml version="1.0" encoding="UTF-8"?>
<record
    xmlns:xsi="http://www.w3.org/2001/XMLSchema-instance"
    xsi:schemaLocation="http://www.loc.gov/MARC21/slim http://www.loc.gov/standards/marcxml/schema/MARC21slim.xsd"
    xmlns="http://www.loc.gov/MARC21/slim">

  <leader>00507nam a2200181Ia 4500</leader>
  <controlfield tag="008">230718s9999    xx            000 0 und d</controlfield>
  <datafield tag="020" ind1=" " ind2=" ">
    <subfield code="a">9788186314008</subfield>
  </datafield>
  <datafield tag="041" ind1=" " ind2=" ">
    <subfield code="a">eng</subfield>
  </datafield>
  <datafield tag="082" ind1=" " ind2=" ">
    <subfield code="a">620.11</subfield>
    <subfield code="b">KOD</subfield>
  </datafield>
  <datafield tag="100" ind1=" " ind2=" ">
    <subfield code="a">Kodgire V.D.</subfield>
  </datafield>
  <datafield tag="245" ind1=" " ind2=" ">
    <subfield code="a">Material Science And Metallurgy For Engineers </subfield>
  </datafield>
  <datafield tag="250" ind1=" " ind2=" ">
    <subfield code="a">46th ed.</subfield>
  </datafield>
  <datafield tag="260" ind1=" " ind2=" ">
    <subfield code="c">2021</subfield>
    <subfield code="b">Everest Publishing House</subfield>
  </datafield>
  <datafield tag="300" ind1=" " ind2=" ">
    <subfield code="a">764</subfield>
  </datafield>
  <datafield tag="365" ind1=" " ind2=" ">
    <subfield code="c">Rs.</subfield>
    <subfield code="b">525.00</subfield>
  </datafield>
  <datafield tag="700" ind1=" " ind2=" ">
    <subfield code="a">Kodgire V.D. &amp; Kodgire S.V.</subfield>
  </datafield>
  <datafield tag="906" ind1=" " ind2=" ">
    <subfield code="d">O:0774024-Dec-2022B:16921-Dec-2022</subfield>
    <subfield code="c">SM</subfield>
    <subfield code="b">1312.5</subfield>
  </datafield>
  <datafield tag="999" ind1=" " ind2=" ">
    <subfield code="c">353176</subfield>
    <subfield code="d">353176</subfield>
  </datafield>
  <datafield tag="952" ind1=" " ind2=" ">
    <subfield code="0">0</subfield>
    <subfield code="1">0</subfield>
    <subfield code="4">0</subfield>
    <subfield code="7">0</subfield>
    <subfield code="a">CCEP</subfield>
    <subfield code="b">CCEP</subfield>
    <subfield code="d">2022-12-24</subfield>
    <subfield code="e">Om Book Stall</subfield>
    <subfield code="f">SM</subfield>
    <subfield code="g">393.75</subfield>
    <subfield code="i">169</subfield>
    <subfield code="l">20</subfield>
    <subfield code="o">620.11</subfield>
    <subfield code="p">CCEP-BK-64387</subfield>
    <subfield code="r">2025-12-06 12:40:34</subfield>
    <subfield code="s">2025-11-12</subfield>
    <subfield code="t">1312.5</subfield>
    <subfield code="v">525.00</subfield>
    <subfield code="w">2022-12-21</subfield>
    <subfield code="y">BK</subfield>
    <subfield code="z">064387</subfield>
  </datafield>
</record>
